[Event "3MCRV_F"]
[Site "?"]
[Date "2003.??.??"]
[Round "?"]
[White "Kostal, Jindrich"]
[Black "Hladecek, Miloslav"]
[Result "1-0"]
[WhiteElo "2364"]
[BlackElo "2275"]
[PlyCount "139"]
[EventDate "2003.??.??"]
[EventType "corr"]

1. e4 e5 2. Nf3 Nc6 3. Bb5 a6 4. Ba4 Nf6 5. O-O Be7 6. Re1 b5 7. Bb3 O-O 8. c3
d6 9. h3 Na5 10. Bc2 c5 11. d4 Qc7 12. Nbd2 Rb8 13. Nf1 Nc4 14. Ng3 Re8 15. b3
Na5 16. d5 Nb7 17. Nh4 g6 18. Nf3 Bf8 19. Be3 Bg7 20. Nd2 Bd7 21. Qf3 h6 22.
Reb1 Qa5 23. a4 Qc7 24. Bd3 c4 25. bxc4 bxa4 26. Ba7 Ra8 27. Qe3 Nc5 28. Bb6
Qc8 29. Bxc5 Qxc5 30. Qxc5 dxc5 31. Nf3 h5 32. Bc2 Rab8 33. Re1 Rb6 34. Bxa4
Bxa4 35. Rxa4 Nd7 36. Kf1 Ra8 37. Ra2 Kf8 38. Ke2 Ke7 39. Rea1 Kd6 40. Kd3 Bh6
41. Ra5 Kc7 42. R1a2 Kb7 43. Nf1 Re8 44. Re2 f5 45. Kc2 Rf8 46. exf5 gxf5 47.
Ng3 e4 48. Nh4 Ne5 49. Nhxf5 Nxc4 50. Ra2 Bf4 51. Nxe4 Rxf5 52. Nxc5+ Kc8 53.
Kd3 Nd6 54. c4 Nb7 55. Re8+ Kc7 56. Ne6+ Rxe6 57. dxe6 Nc5+ 58. Ke2 Re5+ 59.
Kf1 h4 60. Re2 Kd6 61. e7 Rxe2 62. Kxe2 Bg5 63. Rd8+ Kxe7 64. Rd5 Ne6 65. Ra5
Nd4+ 66. Kd1 Bf4 67. Rxa6 Kf7 68. Ra7+ Ke6 69. Rg7 Be5 70. Rg4 1-0